| 000 | 01393nam a2200421 c 4500 | ||
|---|---|---|---|
| 001 | 16497 | ||
| 003 | ES-MaCES | ||
| 005 | 20150929135451.0 | ||
| 008 | 040510s2003 sp 000 | spa d | ||
| 017 |
_aM 35113-2003 _bDL |
||
| 020 | _a8488816936 | ||
| 035 | _aCES20040006871m | ||
| 040 |
_aES-MaCES _bspa _cES-MaCES |
||
| 100 | 1 |
_aLaloma García, Miguel _916110 |
|
| 245 | 1 | 3 |
_aLa gestión ética frente a la discapacidad y el empleo _cMiguel Laloma García |
| 260 |
_aMadrid _bEscuela Libre _c2003 |
||
| 300 |
_a103 p. _c24 cm |
||
| 490 | 1 |
_aColección Poliedro _v12 |
|
| 500 | _aEn la port.: AUPA, Asociación de Usuarios de Prótesis y Ayudas Técnicas | ||
| 504 | _aBibliografía: p. 101-103 | ||
| 541 | _cGratuito | ||
| 650 | 4 |
_apersona con discapacidad _928689 |
|
| 650 | 4 |
_amercado de trabajo _928292 |
|
| 650 | 4 |
_atasa de actividad de mano de obra _929463 |
|
| 650 | 4 |
_ainiciación del discapacitado al trabajo _929677 |
|
| 650 | 4 |
_aintegración social _927283 |
|
| 650 | 4 |
_aigualdad de oportunidades en el empleo _930649 |
|
| 650 | 4 |
_amujeres _928657 |
|
| 650 | 4 |
_aética _927324 |
|
| 650 | 4 |
_aEspaña _926964 |
|
| 653 | 1 | 0 | _aAsuntos Sociales |
| 650 | 4 |
_926752 _aUE |
|
| 710 | 2 |
_aFundación ONCE _eed. _93864 |
|
| 830 | 0 |
_aColección Poliedro _v12 _933523 |
|
| 902 | _aLIB Libro | ||
| 942 |
_2CES _cBK _h3.3. |
||
| 999 |
_c16497 _d16497 |
||